|
|
|
|
| LEADER |
00000naa a2200000 a 4500 |
| 001 |
vtls011846463 |
| 003 |
SK-MaSNL |
| 005 |
20260302140736.0 |
| 008 |
210910|2013 xo |||||||||||||||||eng| |
| 015 |
|
|
|a SNBCL
|
| 035 |
|
|
|a (urnnbn)urn:nbn:sk:snk:ar-008qs7
|
| 035 |
|
|
|a urn:nbn:sk:snk-aaw2j5
|
| 035 |
|
|
|a (uuid)cdbd21c2-9aa0-4fb8-b74d-9a9467313658
|
| 040 |
|
|
|a SNKBUCL
|b slo
|c SNKBUCL
|e AACR2
|
| 041 |
|
|
|a eng
|
| 044 |
|
|
|a xo
|c SK
|
| 100 |
1 |
|
|a Potůček, Radovan,
|d 1963-
|4 aut
|9 132977
|
| 245 |
1 |
0 |
|a THE SUM OF THE REDUCED HARMONIC SERIES GENERATED BY THREE PRIMES DETERMINED ANALYTICALLY AND COMPUTED BY USING CAS MAPLE
|c Radovan Potůček
|
| 336 |
|
|
|a text
|b txt
|c rdacontent
|
| 337 |
|
|
|a bez média
|b n
|c rdamedia
|
| 338 |
|
|
|a zväzok
|b nc
|c rdacarrier
|
| 655 |
|
7 |
|a články zo zborníkov
|2 snkbucl
|9 166140
|
| 773 |
0 |
|
|t Aplikácie matematiky - vstupná brána rozvoja matematických kompetencií 2013
|d Nitra : Slovenská poľnohospodárska univerzita, Fakulta ekonomiky a manažmentu, 2013
|g S. 84-89
|z 9788055210476
|
| 958 |
|
|
|a OND
|
| 958 |
|
|
|a article26
|
| 958 |
|
|
|a chapter
|
| 999 |
|
|
|c 1332197
|d 1334127
|